Score 0/20 Timer 03:00
0 Plays Today
Movie Title Missing Word % Correct
Bonnie and ____Clyde
98.4%
Romeo + ____Juliet
97.9%
Thelma & ____Louise
93.2%
____ & StitchLilo
90.4%
____ & RobinBatman
90.1%
____ & HutchStarsky
88.4%
Julie & ____Julia
79.1%
Turner & ____Hooch
77.5%
Victor/____Victoria
72.5%
Tango & ____Cash
61.7%
Movie Title Missing Word % Correct
____ & JoonBenny
58.2%
Harold and ____Maude
52.7%
Kate & ____Leopold
52.6%
____ and NancySid
46.5%
Frankie and ____Johnny
39.4%
Thunderbolt and ____Lightfoot
26.3%
Melinda and ____Melinda
24.4%
Tom and ____Huck
18.4%
Stanley & ____Iris
18.3%
____ & EmmaAlex
7.9%

Today's Daily Dose

Missing Word
I Hardly Know Her!

Word Ladder
Sentence Ending

Quick Pick
Female Firsts

Get the Picture
Triathlon Sports

Remove Ads.
Support Sporcle.
Get the best of Sporcle when you Go Orange. This ad-free experience offers more features, more stats, and more fun while also helping to support Sporcle. Thank you for becoming a member.

You're not logged in!

Compare scores with friends on all Sporcle quizzes.
OR
Log In

Show Comments

Extras

Top Quizzes Today


Score Distribution

Your Account Isn't Verified!

In order to create a playlist on Sporcle, you need to verify the email address you used during registration. Go to your Sporcle Settings to finish the process.

Report this User

Report this user for behavior that violates our Community Guidelines.

Details: